Szczegóły MARC21

Gramatyka opisowa języka polskiego z ćwiczeniami T.1, Fonetyka, słowotwórstwo /

005 -DATA I CZAS OSTATNIEJ MODYFIKACJI [,]
    • @
    • pole kontrolne
    • 20070315155141.9
040 -Instytucja sporządzająca opis [ , ]
    • a
    • Instytucja, która sporządziła opis (NP)
    • SZCZ U
    • c
    • Instytucja, która sporządziła rekord (NP)
    • SZCZ U
041 -Język dokumentu [0, ]
    • a
    • Język tekstu (P)
    • polski
    • h
    • Język tekstu oryginalnego i/lub pośredniego (P)
    • polski
942 -Rodzaj dokumentu [ , ]
    • c
    • Rodzaj dokumentu
    • Książka
245 -Strefa tytułu i oznaczenia odpowiedzialności [0, ]
    • a
    • Tytuł
    • Gramatyka opisowa języka polskiego z ćwiczeniami Find
    • n
    • Oznaczenie części (P)
    • T.1,
    • p
    • Nazwa części (P)
    • Fonetyka, słowotwórstwo /
    • c
    • Pozostałe elementy strefy tytułu i oznaczenia odpowiedzialności (NP)
    • oprac.Barbara Bartnicka-Dąbkowska, Michał Jaworski, Roxana Sinielnikoff ; pod red.Witolda Doroszewskiego i Bronisława Wieczorkiewicza.
260 -Strefa adresu wydawniczego [ , ]
    • a
    • Miejsce wydania (P)
    • Warszawa :
    • b
    • Nazwa wydawcy (P)
    • Państw.Zakł. Wydaw. Szkolnych,
    • c
    • Data wydania (P)
    • 1961.
300 -Strefa opisu fizycznego [ , ]
    • a
    • Określenie formy książki i/lub objętość (NP)
    • 283 s :
    • b
    • Oznaczenie ilustracji (NP)
    • il :
    • c
    • Format (NP)
    • 23 cm.
080 -Uniwersalna Klasyfikacja Dziesiętna [ , ]
    • a
    • Symbol klasyfikacji
    • 808.4-5
980 -Symbol UKD [ , ]
    • a
    • UKD
    • 808.4-5
700 -Hasło dodatkowe - nazwa osobowa [ , ]
    • a
    • Nazwa osobowa (NP)
    • Doroszewski Witold Find
    • d
    • Daty biograficzne (NP)
    • red.
700 -Hasło dodatkowe - nazwa osobowa [ , ]
    • a
    • Nazwa osobowa (NP)
    • Wieczorkiewicz Bronisław Find
    • d
    • Daty biograficzne (NP)
    • red.
Sygnatura Numer inwentarzowy Status udost. Lokalizacja Data inwentaryzacji
Z.36878Z.368781BG1995-03-23